000 00711nam a22002053a 4500
005 20210223124407.0
008 010925s1995 ea r 000 0 eng d
020 _a0205165737
035 _aUPN01000112026
049 _aCG
050 4 _aLC1099.3
_bE2.8
245 0 0 _aEducating for diversity :
_ban anthology of multicultural voices /
_ced. Carl A. Grant.
260 _aBoston, Mass. :
_bAllyn and Bacon,
_cc1995.
300 _a424 p.
500 _a"Sponsored by Association of Teacher Educators"
650 4 _aEDUCACION INTERCULTURAL -
_zESTADOS UNIDOS
_916961
650 4 _aPLURALISMO (CIENCIAS SOCIALES) -
_xESTUDIO Y ENSEƑANZA -
_zESTADOS UNIDOS
_91173
700 1 _aGrant, Carl A.,
_eed.
905 _aLibro
999 _c85934
_d85934